Statistics for Aston Villa Goalkeeper By Year

Click here to take the quiz!

General Stats

  • This quiz has been taken 207 times
    (8 since last reset)
  • The average score is 21 of 62

Answer Stats

SeasonGoalkeeper% Correct
2023-24Emiliano Martínez
100%
2021-22Emiliano Martínez
100%
2020-21Emiliano Martínez
100%
2022-23Emiliano Martínez
100%
2019-20Tom Heaton
63%
2010-11Brad Friedel
50%
2009-10Brad Friedel
50%
2008-09Brad Friedel
50%
2015-16Brad Guzan
38%
2014-15Brad Guzan
38%
2013-14Brad Guzan
38%
2012-13Brad Guzan
38%
1999-00David James
38%
2000-01David James
38%
1981-82Jimmy Rimmer
38%
1979-80Jimmy Rimmer
38%
1980-81Jimmy Rimmer
38%
1978-79Jimmy Rimmer
38%
1977-78Jimmy Rimmer
38%
1997-98Mark Bosnich
38%
1995-96Mark Bosnich
38%
1994-95Mark Bosnich
38%
1993-94Mark Bosnich
38%
1982-83Nigel Spink
38%
1983-84Nigel Spink
38%
1984-85Nigel Spink
38%
1985-86Nigel Spink
38%
1986-87Nigel Spink
38%
1988-89Nigel Spink
38%
1989-90Nigel Spink
38%
1990-91Nigel Spink
38%
1991-92Nigel Spink
38%
1992-93Nigel Spink
38%
2007-08Scott Carson
38%
2003-04Thomas Sørensen
38%
2004-05Thomas Sørensen
38%
2005-06Thomas Sørensen
38%
2006-07Thomas Sørensen
38%
1996-97Michael Oakes
25%
1998-99Michael Oakes
25%
2002-03Peter Enckelman
25%
2001-02Peter Schmeichel
25%
2011-12Shay Given
25%
1964-65Colin Withers
13%
1965-66Colin Withers
13%
1966-67Colin Withers
13%
1952-53Dennis Parsons
13%
1962-63Geoff Sidebottom
13%
1950-51Jack Hindle
13%
1976-77John Burridge
13%
1975-76John Burridge
13%
1955-56Keith Jones
13%
1954-55Keith Jones
13%
1953-54Keith Jones
13%
1952-53Keith Jones
13%
1951-52Keith Jones
13%
1963-64Nigel Sims
13%
1961-62Nigel Sims
13%
1960-61Nigel Sims
13%
1958-59Nigel Sims
13%
1956-57Nigel Sims
13%
1957-58Nigel Sims
13%

Score Distribution

Percentile by Number Answered

Percent of People with Each Score

Your Score History

You have not taken this quiz since the last reset